000 00287nam a22001337a 4500
008 181122b xxu||||| |||| 00| 0 eng d
020 _a0870652349
041 _aeng
080 _a821
100 _a24
101 _aGJU
245 _aExperiencing Poetry
_cEileen.TH
942 _2udc
_cBK
999 _c52315
_d52315